000 00421nam a2200181Ia 4500
001 10878
005 20260306161904.0
008 260306t1962||||xx |||||||||||||| ||spa||
041 _aESP
082 _a980
_bK444
100 _aKirkpatrick, F. A.
_eAUT
245 4 _aThe spanish conquistadores
260 _c1962
300 _a366 páginas :
_c18 cm.
650 _aGEN
654 _aCHU
942 _cLIB
_dJUS
_fJUS
_2ddc
_n
999 _c10878
_d10878